000 00298nam a2200133Ia 4500
008 191201s2009 xx 000 0 und d
100 _aSHARMA, J K
245 0 _aBusiness Statistics
250 _aIMP 4 th
260 _aN.Delhi
_bPearson
_c2009
300 _a732
650 _aMBA
942 _2ddc
_cBK
999 _c4132
_d4132